000 00451nam a22001817a 4500
003 NUST - PNEC
005 20170116181104.0
008 150919b xxu||||| |||| 00| 0 eng d
020 _a-
040 _cLIBRARY
082 _a621.4022 BRO
100 _912528
_aBrown, Aubrey I.
245 _aIntroduction to heat transfer
_cAubrey I. Brown
250 _a3rd ed.
260 _cc.1958
650 _911254
_aHeat--Transmission
_xME
942 _2ddc
_cBK
999 _c68859
_d68859